000 00977cab a2200277 4500
001 WB3346-42
008 090401t1997 xxu||||| |||| 00| 0 eng d
035 _a(Sirsi) u82387
041 _aeng
245 _aCS vote for change
260 _c1997
350 _a0
490 _aRICS Press Release
_vpr131corp 1 December 1997, (2)
520 _aAt the EGM, chartered surveyors voted in favour of proposals to change the RICS rules of conduct and disciplinary procedures. They also agreed to the creation of Technical Surveyors as a new class of membership. Lists the recorded vote (Replaced pr127.corp)
650 _aABOUT RICS-RICS MEMBERS
650 _aDISCIPLINARY PROCEDURES
650 _aEGM
650 _aMERGER
650 _aRICS
650 _aRICS RULES OF CONDUCT
650 _aSOCIETY OF SURVEYING TECHNICIANS
650 _aTECHNICAL SURVEYORS
690 _aMANAGEMENT-BUSINESS MANAGEMENT-PROFESSIONAL PRACTICE
942 _n0
948 _c27/11/1997
999 _c52007
_d52007